| 000 | 00976nas a2200313 4500 | ||
|---|---|---|---|
| 001 | BR0905269 | ||
| 003 | BR-BrBNA | ||
| 005 | 20231205115428.0 | ||
| 007 | ta | ||
| 008 | 230509b bl.|||p| |||| 00| 00por d | ||
| 040 |
_aBR-BrBNA _bpor _cBiblioteca Nacional de Agricultura |
||
| 041 | _a(Pt) | ||
| 072 | _aF04 | ||
| 100 | 1 | _aMassaroto, J.A. | |
| 100 | 1 | _aSilva, R.R. | |
| 100 | 1 | _aReis, W.P. | |
| 245 | 1 | _aProdutividade máxima econômica de cultivares de trigo sob diferentes doses de adubação na Região do Brasil Central | |
| 650 | _aPRODUTIVIDADE | ||
| 650 | _aVARIEDADE | ||
| 650 | _aNITROGÊNIO | ||
| 650 | _aFÓSFORO | ||
| 650 | _aADUBAÇÃO | ||
| 650 | _aPOTÁSSIO | ||
| 650 | _aTRIGO | ||
| 773 | 0 |
_tRevista de Ciências Agro-Ambientais (Brazil) _xISSN 1677-6062 _g(2006), v. 4(1) p. 29-36 _wBR0905269 |
|
| 856 | 4 | 0 | _uhttp://www.unemat.br/revistas/rcaa/docs/vol4/4_artigo_v4.pdf |
| 909 |
_a202311 _bLúcia _c55 _dLúcia Elande |
||
| 942 |
_2AGRIS _n0 _cANA |
||
| 999 |
_c213754 _d213754 |
||